Statistics for Top 100 Albums w/ Covers Randomized

Click here to take the quiz!

General Stats

  • This quiz has been taken 60 times
  • The average score is 13 of 20

Answer Stats

Answer% Correct
Abbey Road
100%
Are You Experienced
100%
Black Sabbath
100%
Blonde
100%
Illmatic
100%
In Utero
100%
Kid A
100%
Kind of Blue
100%
Liquid Swords
100%
Low
100%
Master of Reality
100%
Nevermind
100%
Ok Computer
100%
Paranoid
100%
Pet Sounds
100%
Revolver
100%
The Dark Side Of The Moon
100%
The Doors
100%
Atrocity Exhibition
92%
Aquemini
90%
Donuts
86%
The Wall
86%
Wish You Were Here
86%
Disintegration
83%
Dummy
83%
Homogenic
83%
Igor
83%
Pink Moon
83%
The Rise and Fall of Ziggy Stardust and the Spiders From Mars
83%
In Rainbows
80%
Mm..Food
80%
Red
80%
Songs In The Key of Life
80%
Vespertine
80%
The Money Store
79%
The Beatles
78%
Future Days
75%
Bitches Brew
71%
Blood on the Tracks
71%
Carrie & Lowell
71%
Highway 61 Revisited
71%
Hounds of Love
71%
Led Zeppelin
71%
Marquee Moon
71%
Remain In Light
71%
To Pimp A Butterfly
71%
Good Kid, M.A.A.D City
70%
The College Dropout
70%
A Love Supreme
67%
Endtroducing...
67%
Enter The Wu-Tang (36 Chambers)
67%
Innervisions
67%
In The Aeroplane Over the Sea
67%
Karma
67%
Late Registration
67%
Ride The Lightning
67%
The Velvet Underground
67%
Illinois
63%
Station to Station
63%
The Queen Is Dead
63%
Close To The Edge
60%
Madvillainy
57%
The Low End Theory
57%
Spiderland
56%
Unknown Pleasures
56%
Animals
50%
Closer
50%
Electric Ladyland
50%
Heaven or Las Vegas
50%
In The Court Of The Crimson King
50%
Laughing Stock
50%
Master of Puppets
50%
Midnight Marauders
50%
Songs of Leonard Cohen
50%
Soundtracks for the Blind
50%
The Glow Pt. 2
50%
What's Going On
50%
Loveless
45%
Doolittle
44%
In A Silent Way
44%
Deathconsciousness
43%
Discovery
43%
Sgt. Pepper's Lonely Hearts Club Band
43%
Souvlaki
43%
The Black Saint and The Sinner Lady
43%
My Beautiful Dark Twisted Fantasy
42%
Blonde on Blonde
40%
Blackstar
33%
Lift Your Skinny Fists Like Antennas To Heaven
33%
Mezzanine
33%
Selected Ambient Works 85-92
33%
Symbolic
33%
The Downward Spiral
33%
The Velvet Underground & Nico
33%
98.12.28 Otokotachi no Wakare
29%
Ants From Up There
29%
Either/Or
20%
Long Season
20%
Clube da Esquina
0%
F#A#∞
0%

Score Distribution

Percentile by Number Answered

Percent of People with Each Score

Your Score History

You have not taken this quiz